[Event "Online Olym Div3 A 2020"]
[Site "chess.com INT"]
[Date "2020.07.07"]
[Round "3.5"]
[Board "3"]
[White "Shabanaj, Eglantina"]
[Black "Qin, Nicole Shu Yu"]
[Result "1-0"]
[WhiteTitle "WCM"]
[BlackTitle "WCM"]
[WhiteElo "1996"]
[BlackElo "1629"]
[WhiteTeam "Albania"]
[BlackTeam "New Zealand"]
[WhiteFideId "4700562"]
[BlackFideId "4304306"]
[EventDate "2020.07.07"]
[EventType "team"]

1. Nf3 d5 2. g3 e6 3. Bg2 Nf6 4. d3 c5 5. c3 Nc6 6. Nbd2 Bd6 7. Qc2 Qe7 8. O-O
b6 9. e4 dxe4 10. dxe4 Bb7 11. Re1 Bc7 12. Nc4 b5 13. Ne3 O-O 14. b3 a6 15. Bb2
Rad8 16. a4 Ra8 17. Rad1 Rfd8 18. Nd2 Rd7 19. f4 Rad8 20. e5 Nd5 21. Nxd5 exd5
22. Bh3 c4 23. e6 Qc5+ 24. Kh1 Re7 25. b4 Qa7 26. Nf3 fxe6 27. Bxe6+ Kh8 28. Ng5
g6 29. Nf7+ Rxf7 30. Bxf7 Kg7 31. Be6 Ne7 32. Rd4 Bb6 33. Bh3 Nc6 34. Qe2 Bxd4
35. cxd4 Bc8 36. Bg2 Qd7 37. axb5 axb5 38. Bc3 Qf7 39. Qe3 Bf5 40. Re2 Kf8 41.
Qf2 Bd3 42. Ra2 Re8 43. Ra6 Nb8 44. Rd6 Be4 45. Bxe4 dxe4 46. d5 Nd7 47. Qa7 Rd8
48. Bd4 Qe7 49. Re6 Qf7 50. Qc7 Re8 51. Qd6+ Kg8 52. Kg2 Nf8 53. Rxe8 Qxe8 54.
Qf6 1-0

[Event "Online Olym Div3 A 2020"]
[Site "chess.com INT"]
[Date "2020.07.07"]
[Round "3.5"]
[Board "4"]
[White "Ning, Isabelle Yixuan"]
[Black "Shabanaj, Alda"]
[Result "1-0"]
[BlackTitle "WFM"]
[WhiteElo "1758"]
[BlackElo "1841"]
[WhiteTeam "New Zealand"]
[BlackTeam "Albania"]
[WhiteFideId "4307763"]
[BlackFideId "4700597"]
[EventDate "2020.07.07"]
[EventType "team"]

1. d4 Nf6 2. c4 d6 3. Nc3 g6 4. e4 Bg7 5. Nf3 c6 6. Be2 O-O 7. O-O Qc7 8. Bf4
Nbd7 9. c5 Nh5 10. cxd6 exd6 11. Be3 Re8 12. Rc1 a6 13. d5 c5 14. a3 Bxc3 15.
Rxc3 Nhf6 16. e5 Nxe5 17. Nxe5 Rxe5 18. Bf3 Bf5 19. Bd4 Rxd5 20. Bxd5 Nxd5 21.
Rc1 Nf4 22. b4 Qc6 23. f3 Qb5 24. bxc5 Ne2+ 25. Kh1 Nxc1 26. Qxc1 dxc5 27. Bf6
Qc6 28. Qc3 Re8 29. Bh8 f6 30. Bxf6 Kf7 31. Bh8 Rg8 32. Re1 b5 33. Qe5 Qe6 34.
Qc7+ Qd7 35. Qe5 Qe6 36. Qc3 Qd6 37. Be5 Qd3 38. Qxc5 Re8 39. Qc7+ Re7 40. Qc6
Qd2 41. Qf6+ Ke8 42. Rg1 Qd5 43. Bd6 Rf7 44. Re1+ Kd7 45. Re7+ 1-0

[Event "Online Olym Div3 A 2020"]
[Site "chess.com INT"]
[Date "2020.07.07"]
[Round "3.5"]
[Board "5"]
[White "Veleshnja, Zino"]
[Black "Gong, Daniel Hanwen"]
[Result "0-1"]
[BlackTitle "FM"]
[WhiteElo "2287"]
[BlackElo "2240"]
[WhiteTeam "Albania"]
[BlackTeam "New Zealand"]
[WhiteFideId "4701313"]
[BlackFideId "4303962"]
[EventDate "2020.07.07"]
[EventType "team"]

1. d4 Nf6 2. c4 g6 3. Nc3 Bg7 4. Nf3 d6 5. Bg5 O-O 6. e3 c5 7. Be2 e6 8. O-O b6
9. dxc5 dxc5 10. Qxd8 Rxd8 11. Ne4 Nbd7 12. Rad1 Bb7 13. Nd6 Bc6 14. Nb5 h6 15.
Bh4 g5 16. Bg3 Ne4 17. b3 Bxb5 18. cxb5 Nc3 19. Rd2 Nf8 20. Bc4 Rxd2 21. Nxd2
Nxa2 22. Ne4 Rd8 23. Bc7 Rd7 24. Bb8 Nc3 25. Nxc3 Bxc3 26. f4 Bd2 27. Kf2 Ng6
28. fxg5 hxg5 29. Ra1 Ba5 30. h3 Kf8 31. Ke2 Rd8 32. Bxa7 Ne5 33. Rxa5 bxa5 34.
Bxc5+ Ke8 35. b6 Nxc4 36. bxc4 Kd7 37. Bd4 Kc6 38. c5 Rd5 39. g3 e5 40. Ba1 Rxc5
41. h4 gxh4 42. gxh4 e4 43. Kd2 Rh5 0-1

[Event "Online Olym Div3 A 2020"]
[Site "chess.com INT"]
[Date "2020.07.07"]
[Round "3.5"]
[Board "6"]
[White "Thurner, Anya"]
[Black "Shuqja, Klean"]
[Result "0-1"]
[BlackTitle "WCM"]
[WhiteElo "1320"]
[BlackElo "1838"]
[WhiteTeam "New Zealand"]
[BlackTeam "Albania"]
[WhiteFideId "4307780"]
[BlackFideId "4701585"]
[EventDate "2020.07.07"]
[EventType "team"]

1. e4 d5 2. exd5 Qxd5 3. Nc3 Qd8 4. Bc4 Nf6 5. Nf3 a6 6. a4 b6 7. d3 Bb7 8. Bf4
e6 9. O-O Be7 10. Qe2 O-O 11. Rfe1 Nc6 12. Rad1 h6 13. Ne4 Rc8 14. Nxf6+ Bxf6
15. c3 Qd7 16. d4 a5 17. Ne5 Qe7 18. Nxc6 Bxc6 19. Bb3 Qd7 20. Be5 Bxa4 21. Bxa4
Qxa4 22. Bxf6 gxf6 23. Qh5 Kh7 24. Rd3 Qc2 25. Rh3 Qg6 26. Qxg6+ Kxg6 27. Ree3
Kh7 28. Ref3 f5 29. Kf1 Rg8 30. Rhg3 Rxg3 31. Rxg3 Rg8 32. Rxg8 Kxg8 33. Ke2 Kf8
34. Kf3 Ke7 35. Kf4 Kf6 36. h3 h5 37. g3 a4 38. h4 c5 0-1

[Event "Online Olym Div3 A 2020"]
[Site "chess.com INT"]
[Date "2020.07.08"]
[Round "4.1"]
[Board "1"]
[White "Villegas, Pierre"]
[Black "Wastney, Scott"]
[Result "1/2-1/2"]
[WhiteTitle "IM"]
[BlackTitle "FM"]
[WhiteElo "2364"]
[BlackElo "2306"]
[WhiteTeam "Monaco"]
[BlackTeam "New Zealand"]
[WhiteFideId "654183"]
[BlackFideId "4300513"]
[EventDate "2020.07.07"]
[EventType "team"]

1. d4 d5 2. c4 e6 3. Nc3 Nf6 4. cxd5 exd5 5. Bg5 Be7 6. e3 c6 7. Qc2 Nbd7 8. Bd3
O-O 9. Nge2 Re8 10. O-O Nf8 11. f3 Ng6 12. Rad1 h6 13. Bxf6 Bxf6 14. Bxg6 fxg6
15. e4 dxe4 16. fxe4 Bg5 17. Nf4 Bg4 18. Rd3 Rf8 19. Nce2 Bxe2 20. Nxe2 Rxf1+
21. Kxf1 Qe7 22. Rf3 Re8 23. e5 c5 24. Qb3+ Kh7 25. Rf7 Rf8 26. e6 cxd4 27. Nxd4
Qc5 28. Rxf8 Qxf8+ 29. Nf3 b6 30. Qd5 Be7 31. Qd7 Bc5 32. Qd5 Qf4 33. Qe5 Qc1+
34. Ne1 Qc4+ 35. Qe2 Qf4+ 36. Nf3 Qc1+ 37. Ne1 Qf4+ 38. Nf3 Qc1+ 39. Ne1 Qf4+ 1/2-1/2

[Event "Online Olym Div3 A 2020"]
[Site "chess.com INT"]
[Date "2020.07.08"]
[Round "4.1"]
[Board "2"]
[White "Ker, Anthony F"]
[Black "Efimov, Igor"]
[Result "0-1"]
[WhiteTitle "IM"]
[BlackTitle "GM"]
[WhiteElo "2298"]
[BlackElo "2409"]
[WhiteTeam "New Zealand"]
[BlackTeam "Monaco"]
[WhiteFideId "4300084"]
[BlackFideId "806404"]
[EventDate "2020.07.07"]
[EventType "team"]

1. e4 c5 2. Nc3 a6 3. f4 e6 4. Nf3 Nc6 5. g3 d5 6. d3 b5 7. Bg2 b4 8. exd5 exd5
9. Ne2 Nf6 10. O-O Bd6 11. d4 O-O 12. Ne5 Nxd4 13. Nxd4 cxd4 14. Nc6 Qb6 15.
Nxd4 Bg4 16. Qd3 Rfe8 17. Be3 Bc5 18. c3 Ne4 19. cxb4 Qxb4 20. Nc2 Qxb2 21. Bxe4
dxe4 22. Qb3 Rab8 23. Qc4 Bxe3+ 24. Nxe3 Be2 25. Qa4 Bxf1 26. Rxf1 Qe2 27. Nf5
Red8 28. Rf2 Qd1+ 29. Qxd1 Rxd1+ 30. Kg2 Rbd8 31. Re2 R8d2 32. Kf2 Rxe2+ 33.
Kxe2 Ra1 34. Ke3 Rxa2 35. h4 g6 36. Ne7+ Kf8 37. Nc6 f5 38. h5 Rc2 39. Nd4 Rc3+
40. Kf2 Kf7 41. hxg6+ hxg6 0-1

[Event "Online Olym Div3 A 2020"]
[Site "chess.com INT"]
[Date "2020.07.08"]
[Round "4.1"]
[Board "3"]
[White "Dornbusch, Tatiana"]
[Black "Qin, Nicole Shu Yu"]
[Result "1-0"]
[WhiteTitle "WGM"]
[BlackTitle "WCM"]
[WhiteElo "2268"]
[BlackElo "1629"]
[WhiteTeam "Monaco"]
[BlackTeam "New Zealand"]
[WhiteFideId "14107449"]
[BlackFideId "4304306"]
[EventDate "2020.07.07"]
[EventType "team"]

1. d4 e6 2. Nf3 d5 3. c4 c6 4. Nc3 Nf6 5. e3 Nbd7 6. Qc2 Bd6 7. g4 dxc4 8. g5
Nd5 9. Bxc4 N7b6 10. Be2 Qe7 11. Bd2 Bd7 12. O-O-O O-O-O 13. Ne4 Kb8 14. Nxd6
Qxd6 15. Ne5 Be8 16. e4 Nc7 17. Bf4 Qf8 18. Qb3 Rc8 19. Kb1 Ka8 20. Nc4 Nxc4 21.
Bxc4 Qe7 22. Qg3 f6 23. gxf6 gxf6 24. Bd6 Qd7 25. Bxc7 Rxc7 26. Bxe6 Qe7 27. Bf5
Bf7 28. Rhe1 Rg8 29. Qf4 h5 30. d5 Qd8 31. d6 Rd7 32. Bxd7 Qxd7 33. Qxf6 Bg6 34.
Ka1 a6 35. e5 Ka7 36. e6 Qh7 37. d7 1-0

[Event "Online Olym Div3 A 2020"]
[Site "chess.com INT"]
[Date "2020.07.08"]
[Round "4.1"]
[Board "4"]
[White "Ning, Isabelle Yixuan"]
[Black "Dubois, Martine"]
[Result "0-1"]
[BlackTitle "WIM"]
[WhiteElo "1758"]
[BlackElo "1802"]
[WhiteTeam "New Zealand"]
[BlackTeam "Monaco"]
[WhiteFideId "4307763"]
[BlackFideId "601926"]
[EventDate "2020.07.07"]
[EventType "team"]

1. d4 Nf6 2. c4 e5 3. dxe5 Ng4 4. Nc3 Bc5 5. e3 Nxe5 6. Nf3 Nbc6 7. Be2 O-O 8.
O-O a5 9. b3 d6 10. Bb2 Bf5 11. Nd5 Nxf3+ 12. Bxf3 Ne5 13. Bxe5 dxe5 14. Qe2 e4
15. Bg4 Bg6 16. Rad1 Bd6 17. Nf4 Qf6 18. Nxg6 Qxg6 19. f3 f5 20. Bh3 Rae8 21.
fxe4 Rxe4 22. Qd3 Rh4 23. Kh1 f4 24. Qxg6 hxg6 25. exf4 Rhxf4 26. Be6+ Kh7 27.
Rxf4 Rxf4 28. g3 Re4 29. Bd5 Re2 30. Rd4 g5 31. Bxb7 Rxa2 32. Rd5 Kg6 33. c5 Be7
34. Rd7 Bxc5 35. Rxc7 Ra1+ 36. Kg2 Bd4 37. Be4+ Kf6 38. Rc4 Ke5 39. Bd3 g4 40.
h3 Rg1+ 41. Kh2 Rd1 42. Bg6 Rd2+ 43. Kh1 Rd1+ 44. Kh2 Rd2+ 45. Kh1 gxh3 46. Rc1
Rb2 47. Ra1 Rxb3 48. Rxa5+ Kf6 49. Ra6+ Kg5 50. Be4 Kg4 51. Rg6+ Kh5 52. Ra6 Kg4
53. Rg6+ Kh5 54. Rd6 Ba1 55. Ra6 Bd4 56. Rd6 Bf6 57. Kh2 Kg4 58. Ra6 Rb2+ 59.
Kh1 Kxg3 60. Ra3+ Kf4 61. Ra4 Ke3 62. Bg6 Rd2 63. Ra3+ Kf4 64. Rxh3 Rd1+ 65. Kh2
Be5 66. Kg2 Rd2+ 67. Kf1 Kg4 68. Ra3 Bd4 69. Bh7 Kf4 70. Bg6 Be3 71. Bh5 Rf2+
72. Ke1 Rh2 73. Bd1 Rh1+ 74. Ke2 Rh2+ 75. Ke1 g5 76. Ra4+ Ke5 77. Rg4 Bd2+ 78.
Kf1 Rh1+ 79. Ke2 Rh2+ 80. Kf1 Bf4 81. Rg2 Rh1+ 82. Rg1 Rh3 83. Rg2 Rd3 84. Bg4
Ra3 85. Re2+ Be3 86. Kg2 Kf4 87. Bf3 g4 88. Bd5 Rd3 89. Bc6 g3 90. Bf3 Rd8 91.
Rc2 Bf2 92. Rc4+ Ke3 93. Re4+ Kd3 94. Rh4 Rb8 95. Rh5 Rb2 96. Rd5+ Ke3 97. Kf1
Kxf3 98. Rd3+ Ke4 99. Ra3 Rb1+ 100. Kg2 Rg1+ 101. Kh3 Rh1+ 102. Kg2 Rh2+ 103.
Kf1 Be3 104. Ra8 Kf3 105. Rf8+ Bf4 106. Kg1 Rb2 0-1

[Event "Online Olym Div3 A 2020"]
[Site "chess.com INT"]
[Date "2020.07.08"]
[Round "4.1"]
[Board "5"]
[White "Cuttoli, Alexandre"]
[Black "Gong, Daniel Hanwen"]
[Result "0-1"]
[BlackTitle "FM"]
[WhiteElo "2044"]
[BlackElo "2240"]
[WhiteTeam "Monaco"]
[BlackTeam "New Zealand"]
[WhiteFideId "36007293"]
[BlackFideId "4303962"]
[EventDate "2020.07.07"]
[EventType "team"]

1. d4 Nf6 2. Bf4 d5 3. e3 e6 4. Nd2 c5 5. c3 Bd6 6. Bg3 O-O 7. Ngf3 b6 8. Bd3
Ba6 9. c4 Nc6 10. a3 cxd4 11. Nxd4 Nxd4 12. exd4 Rc8 13. Rc1 dxc4 14. Nxc4 Bxg3
15. hxg3 Qd5 16. b3 Qxg2 17. Rh4 Bxc4 18. bxc4 h6 19. Qe2 Rfd8 20. a4 Rc7 21.
Kd2 Rcd7 22. Kc3 Qc6 23. Ra1 a5 24. Bc2 Qd6 25. Kd3 Qc5 26. Qe3 e5 27. d5 Nxd5
28. cxd5 Rxd5+ 29. Ke2 Qxc2+ 30. Kf3 Rd3 0-1

[Event "Online Olym Div3 A 2020"]
[Site "chess.com INT"]
[Date "2020.07.08"]
[Round "4.1"]
[Board "6"]
[White "Thurner, Anya"]
[Black "Lomandong, Noela-Joyce"]
[Result "0-1"]
[BlackTitle "WFM"]
[WhiteElo "1320"]
[BlackElo "1946"]
[WhiteTeam "New Zealand"]
[BlackTeam "Monaco"]
[WhiteFideId "4307780"]
[BlackFideId "5400384"]
[EventDate "2020.07.07"]
[EventType "team"]

1. e4 g6 2. d4 Bg7 3. Nc3 c6 4. Bf4 Qb6 5. Nge2 Nf6 6. Rb1 O-O 7. g3 d5 8. Bg2
dxe4 9. Nxe4 Nxe4 10. Bxe4 Bh3 11. Be3 Qa5+ 12. Nc3 Rd8 13. b4 Qc7 14. Ne2 e5
15. Ng1 Be6 16. Bg2 exd4 17. Bf4 Qe7 18. Ne2 Bxa2 19. Ra1 Bc4 20. Bf3 d3 21.
cxd3 Rxd3 22. Qc2 Bc3+ 23. Kf1 Rxf3 24. Rc1 Qe6 25. h3 Na6 26. Be3 Qxe3 27. h4
Qxf2# 0-1

[Event "Online Olym Div3 A 2020"]
[Site "chess.com INT"]
[Date "2020.07.08"]
[Round "4.2"]
[Board "1"]
[White "Kwon, Sehyun"]
[Black "Ashiku, Franc"]
[Result "0-1"]
[WhiteTitle "CM"]
[BlackTitle "IM"]
[WhiteElo "2194"]
[BlackElo "2419"]
[WhiteTeam "South Korea"]
[BlackTeam "Albania"]
[WhiteFideId "13203088"]
[BlackFideId "4700066"]
[EventDate "2020.07.07"]
[EventType "team"]

1. d4 f5 2. Bf4 Nf6 3. e3 d6 4. Nc3 Nc6 5. d5 Ne5 6. Bxe5 dxe5 7. Bc4 a6 8. Nf3
Qd6 9. a4 h6 10. Bb3 g5 11. Nd2 Bg7 12. Nc4 Qb4 13. Nxe5 Ng4 14. Nxg4 Bxc3+ 15.
bxc3 Qxc3+ 16. Ke2 fxg4 17. Qd3 Qf6 18. Rad1 Rf8 19. Rhf1 Bf5 20. Qd4 Qg6 21.
Qc5 O-O-O 22. Qa7 Rf6 23. Qa8+ Kd7 24. Qxb7 Rb6 25. Qa7 Bxc2 26. Bxc2 Qxc2+ 27.
Ke1 Qc3+ 28. Rd2 Rb1+ 29. Ke2 Qc4+ 0-1

[Event "Online Olym Div3 A 2020"]
[Site "chess.com INT"]
[Date "2020.07.08"]
[Round "4.2"]
[Board "2"]
[White "Pasko, Llambi"]
[Black "Kim, Inguh"]
[Result "1-0"]
[WhiteTitle "IM"]
[BlackTitle "CM"]
[WhiteElo "2410"]
[BlackElo "1900"]
[WhiteTeam "Albania"]
[BlackTeam "South Korea"]
[WhiteFideId "4701178"]
[BlackFideId "13201204"]
[EventDate "2020.07.07"]
[EventType "team"]

1. d4 d5 2. c4 e6 3. Nf3 Nf6 4. Nc3 Be7 5. Bf4 O-O 6. e3 Nbd7 7. c5 Nh5 8. Bd3
Nxf4 9. exf4 b6 10. b4 bxc5 11. bxc5 a5 12. O-O Ba6 13. Bxa6 Rxa6 14. Rb1 Nf6
15. Ne5 Ne4 16. Qd3 Qa8 17. f3 Nxc3 18. Qxc3 Bf6 19. Qd3 Bxe5 20. fxe5 a4 21.
Rb4 f6 22. exf6 gxf6 23. Rfb1 e5 24. Rb7 Ra7 25. dxe5 Rxb7 26. Qxd5+ Rf7 27.
Rxb7 fxe5 28. c6 Qc8 29. Qxe5 Qd8 30. h3 Re7 31. Qg5+ Kh8 32. Qf6+ Kg8 33. Kh2
Qe8 34. Rb8 Qxb8 35. Qxe7 Qa7 36. f4 Qa5 37. Qe6+ Kf8 38. f5 Qc5 39. f6 1-0

[Event "Online Olym Div3 A 2020"]
[Site "chess.com INT"]
[Date "2020.07.08"]
[Round "4.2"]
[Board "3"]
[White "Seo, Jiwon"]
[Black "Shabanaj, Eglantina"]
[Result "0-1"]
[BlackTitle "WCM"]
[WhiteElo "1407"]
[BlackElo "1996"]
[WhiteTeam "South Korea"]
[BlackTeam "Albania"]
[WhiteFideId "13208969"]
[BlackFideId "4700562"]
[EventDate "2020.07.07"]
[EventType "team"]

1. e4 g6 2. d4 d6 3. Bc4 Bg7 4. Ne2 c6 5. c3 Nd7 6. Be3 Qc7 7. O-O Ngf6 8. h3
Nxe4 9. Bd3 Nef6 10. Nd2 e5 11. dxe5 Nxe5 12. Nc4 Be6 13. Nxe5 dxe5 14. Ng3 O-O
15. Ne4 Nxe4 16. Bxe4 f5 17. Bc2 f4 18. Bc5 Rfd8 19. Qf3 b6 20. Bb4 c5 21. Ba3
Rac8 22. Rad1 Qf7 23. b3 Bf5 24. Be4 Bxe4 25. Qxe4 g5 26. c4 h5 27. Bb2 Qf6 28.
Rd5 Rxd5 29. Qxd5+ Qf7 30. Qe4 Re8 31. Rd1 g4 32. hxg4 hxg4 33. g3 fxg3 34. fxg3
Rf8 35. Qe2 Qh5 36. Rf1 Rf3 37. Qg2 Bh6 38. Rxf3 gxf3 39. g4 Be3+ 40. Kf1 fxg2+
41. Kxg2 Qxg4+ 42. Kf1 Qf3+ 43. Ke1 Qf2+ 44. Kd1 Qd2# 0-1

[Event "Online Olym Div3 A 2020"]
[Site "chess.com INT"]
[Date "2020.07.08"]
[Round "4.2"]
[Board "4"]
[White "Gjergji, Rozana"]
[Black "Kim, Taegyeong"]
[Result "1-0"]
[WhiteTitle "WCM"]
[BlackTitle "WCM"]
[WhiteElo "1942"]
[BlackElo "1523"]
[WhiteTeam "Albania"]
[BlackTeam "South Korea"]
[WhiteFideId "4700147"]
[BlackFideId "13200976"]
[EventDate "2020.07.07"]
[EventType "team"]

1. e4 Nf6 2. Nc3 e5 3. Bc4 Nc6 4. d3 Bb4 5. a3 Ba5 6. Ne2 O-O 7. O-O d6 8. Kh1
Be6 9. Nd5 h6 10. b4 Bb6 11. h3 Bxd5 12. Bxd5 Nxd5 13. exd5 Nd4 14. c3 Nxe2 15.
Qxe2 Qd7 16. Qh5 f5 17. f4 Qf7 18. Qf3 exf4 19. Bxf4 g5 20. Bd2 f4 21. Rae1 Rae8
22. Re4 Re5 23. c4 Be3 24. Rxe5 dxe5 25. Bxe3 fxe3 26. Qxf7+ Rxf7 27. Re1 Kg7
28. Rxe3 Kf6 29. Kg1 Rd7 30. Kf2 c6 31. dxc6 bxc6 32. Ke2 Rd4 33. Re4 Rxe4+ 34.
dxe4 Ke6 35. Kf3 h5 36. Ke3 a6 37. a4 Kd6 38. Kd3 Ke6 39. c5 a5 40. b5 cxb5 41.
axb5 g4 42. Kc4 gxh3 43. gxh3 Kf6 44. b6 Kg5 45. b7 Kh4 46. b8=Q Kxh3 47. Qxe5
h4 48. c6 Kg2 49. c7 h3 50. c8=Q h2 51. Qg8+ Kh1 52. Qf4 a4 53. Qf3# 1-0

[Event "Online Olym Div3 A 2020"]
[Site "chess.com INT"]
[Date "2020.07.08"]
[Round "4.2"]
[Board "5"]
[White "Cheon, Sehyuk"]
[Black "Veleshnja, Zino"]
[Result "1/2-1/2"]
[WhiteTitle "CM"]
[WhiteElo "1742"]
[BlackElo "2287"]
[WhiteTeam "South Korea"]
[BlackTeam "Albania"]
[WhiteFideId "13205480"]
[BlackFideId "4701313"]
[EventDate "2020.07.07"]
[EventType "team"]

1. e4 c5 2. Nf3 d6 3. d4 cxd4 4. Qxd4 Nc6 5. Bb5 Bd7 6. Bxc6 bxc6 7. c4 Nf6 8.
Nc3 e5 9. Qd3 Be7 10. O-O O-O 11. Bg5 Bg4 12. Rfd1 Bxf3 13. Qxf3 Qc7 14. Rd3 h6
15. Bxf6 Bxf6 16. Qf5 Qe7 17. Ne2 g6 18. Qg4 Bg7 19. Ng3 Rab8 20. b3 Rbd8 21.
Rad1 Rd7 22. Qe2 Qe6 23. Nf1 Rfd8 24. Ne3 f5 25. f3 f4 26. Nc2 d5 27. cxd5 cxd5
28. exd5 Rxd5 29. Rxd5 Rxd5 30. Rxd5 Qxd5 31. Qc4 Qxc4 32. bxc4 Bf8 33. Kf2 Kf7
34. Ke2 Ke6 35. Kd3 Kf5 36. Na1 g5 37. Nb3 h5 38. h3 g4 39. c5 gxf3 40. gxf3 Ke6
41. Ke4 Be7 42. c6 Bd6 43. Na5 Bc7 44. Nb7 Bb6 45. a3 h4 46. a4 a5 47. c7 Bxc7
48. Nc5+ Kd6 49. Nd3 Ke6 50. Nc5+ Kd6 51. Nd3 Ke6 52. Nc5+ 1/2-1/2

[Event "Online Olym Div3 A 2020"]
[Site "chess.com INT"]
[Date "2020.07.08"]
[Round "4.2"]
[Board "6"]
[White "Shuqja, Klean"]
[Black "Khanyl, Chuluuntuya"]
[Result "0-1"]
[WhiteTitle "WCM"]
[WhiteElo "1838"]
[BlackElo "1428"]
[WhiteTeam "Albania"]
[BlackTeam "South Korea"]
[WhiteFideId "4701585"]
[BlackFideId "4907485"]
[EventDate "2020.07.07"]
[EventType "team"]

1. b3 e5 2. Bb2 Nc6 3. e3 Nf6 4. Bb5 Bd6 5. Na3 Na5 6. Nc4 Nxc4 7. Bxc4 c6 8.
Ne2 Bc7 9. Ng3 d5 10. Be2 Be6 11. d3 Ba5+ 12. c3 Bb6 13. Qd2 Rc8 14. h3 O-O 15.
O-O Re8 16. Rfd1 d4 17. cxd4 exd4 18. e4 c5 19. Rac1 Ba5 20. Qc2 Nd7 21. Rf1 Qg5
22. Rcd1 b5 23. Bc1 Qe7 24. f4 f6 25. Ba3 b4 26. Bb2 Bc7 27. Qd2 a5 28. Bc1 a4
29. Qc2 axb3 30. axb3 Ra8 31. Bd2 Ra3 32. Rb1 Rea8 33. Rb2 R3a7 34. Nh1 Nf8 35.
f5 Bf7 36. Bf4 Bxf4 37. Rxf4 Ra3 38. Rf1 Nd7 39. Rc1 Qd6 40. Nf2 Qf4 41. Nh1
Qe3+ 42. Kh2 c4 43. bxc4 Rc3 44. Qxc3 dxc3 45. Rbc2 b3 46. Rxc3 b2 47. Rb1 Ra1
48. Rxb2 Qg1+ 49. Kg3 Qe1+ 0-1

[Event "Online Olym Div3 A 2020"]
[Site "chess.com INT"]
[Date "2020.07.08"]
[Round "4.3"]
[Board "1"]
[White "Tran, Thanh Tu"]
[Black "Wong, Yinn Long"]
[Result "1/2-1/2"]
[WhiteTitle "CM"]
[BlackTitle "FM"]
[WhiteElo "2346"]
[BlackElo "2381"]
[WhiteTeam "Japan"]
[BlackTeam "Malaysia"]
[WhiteFideId "12401404"]
[BlackFideId "5707684"]
[EventDate "2020.07.07"]
[EventType "team"]

1. Nf3 c5 2. Nc3 g6 3. g3 Bg7 4. Bg2 Nc6 5. O-O d5 6. d3 e5 7. Bg5 f6 8. Bd2 Be6
9. e4 d4 10. Nb1 Qd7 11. Qe2 Bg4 12. a4 Nge7 13. Na3 h5 14. Rfb1 h4 15. Qf1 Nb4
16. Nxh4 g5 17. Nf5 Nxf5 18. exf5 Bxf5 19. Bxb4 cxb4 20. Nc4 Bf8 21. a5 Qh7 22.
h3 Bxh3 23. Bxh3 Qxh3 24. Qxh3 Rxh3 25. Kg2 Rh7 26. Rh1 Rxh1 27. Rxh1 Kf7 28. g4
b5 29. axb6 axb6 30. Nxb6 Rb8 31. Nc4 b3 32. Kf3 Ke6 33. cxb3 Rxb3 34. Ke4 Bg7
35. Ra1 Bf8 36. Ra6+ Kf7 37. Kf5 Be7 38. Ke4 Bf8 39. Ra7+ Ke6 40. Ra2 Be7 41.
Nd2 Rb8 42. Nf1 Bc5 43. Ng3 Rb6 44. Nf5 Bf8 45. Ra8 Kf7 46. Ra2 Ke6 47. Ng3 Bc5
48. Nh5 Be7 49. Kf3 Bf8 50. Ng3 Be7 51. Ke2 Bc5 52. Ne4 Be7 53. Nd2 f5 54. Kf3
fxg4+ 55. Kxg4 Kd5 56. Ra5+ Ke6 57. Nc4 Rb3 58. Rxe5+ Kf6 59. Rf5+ Ke6 60. Rf3
Bf6 61. Rh3 Rb8 62. Kf3 Kf5 63. Rh7 Kg6 64. Rd7 Kf5 65. Rd5+ Ke6 66. Ra5 Rh8 67.
b4 Rb8 68. b5 Bd8 69. Ra6+ Kd5 70. b6 Kc6 71. Ke4 Kb5 72. Ra5+ Kb4 73. Ra1 Rb7
74. Rb1+ Kc5 75. Ne5 Bf6 76. Nd7+ Rxd7 77. b7 Re7+ 78. Kf5 Be5 79. b8=Q Bxb8 80.
Rxb8 Rf7+ 81. Ke5 Re7+ 82. Kf5 Re2 83. Kxg5 Rxf2 84. Rc8+ Kd5 85. Rd8+ Ke5 86.
Re8+ Kd6 87. Rd8+ Ke5 88. Re8+ Kd5 89. Rd8+ Kc5 90. Rc8+ Kd5 91. Rd8+ 1/2-1/2

[Event "Online Olym Div3 A 2020"]
[Site "chess.com INT"]
[Date "2020.07.08"]
[Round "4.3"]
[Board "2"]
[White "Looi, Xin Hao"]
[Black "Watanabe, Akira"]
[Result "1/2-1/2"]
[BlackTitle "FM"]
[WhiteElo "2101"]
[BlackElo "2284"]
[WhiteTeam "Malaysia"]
[BlackTeam "Japan"]
[WhiteFideId "5702828"]
[BlackFideId "7000227"]
[EventDate "2020.07.07"]
[EventType "team"]

1. d4 Nf6 2. Nc3 g6 3. e4 d6 4. f4 Bg7 5. Nf3 O-O 6. e5 Nfd7 7. Bc4 Nb6 8. Bb3
d5 9. O-O Nc6 10. Ne2 Na5 11. c3 Nxb3 12. axb3 a5 13. Ng3 e6 14. Qe2 a4 15. bxa4
Rxa4 16. Rxa4 Nxa4 17. Qc2 Bd7 18. b3 Nb6 19. Ba3 Re8 20. Bc5 Bb5 21. Ra1 Nd7
22. Bb4 Nb6 23. Bc5 Nd7 24. Bb4 Nb6 25. Nh5 Bh8 26. Ng3 Bg7 1/2-1/2

[Event "Online Olym Div3 A 2020"]
[Site "chess.com INT"]
[Date "2020.07.08"]
[Round "4.3"]
[Board "3"]
[White "Sakai, Azumi"]
[Black "Nithyalakshmi, Sivanesan"]
[Result "0-1"]
[WhiteTitle "WCM"]
[BlackTitle "WCM"]
[WhiteElo "1731"]
[BlackElo "1945"]
[WhiteTeam "Japan"]
[BlackTeam "Malaysia"]
[WhiteFideId "7001800"]
[BlackFideId "5706955"]
[EventDate "2020.07.07"]
[EventType "team"]

1. d4 Nf6 2. c4 g6 3. Nc3 Bg7 4. e4 d6 5. Nf3 O-O 6. Be2 e5 7. d5 a5 8. Bg5 Na6
9. Nd2 h6 10. Bh4 g5 11. Bg3 Nc5 12. O-O Bd7 13. b3 Qc8 14. a3 b6 15. b4 Nb7 16.
Rc1 Ne8 17. f3 f5 18. exf5 Bxf5 19. Nde4 Nf6 20. Bd3 Rf7 21. Bf2 Bf8 22. Qc2
Bxe4 23. Nxe4 Nxe4 24. Bxe4 Be7 25. Bg6 Rf6 26. Bh5 Kg7 27. Bg4 Qf8 28. h4 Qh8
29. h5 Qh7 30. Qe4 Qxe4 31. fxe4 Rf4 32. Bf5 axb4 33. axb4 Ra2 34. Ra1 Rfxf2 35.
Rxa2 Rxa2 36. Be6 Bf6 37. Rf2 Ra4 38. Rb2 g4 39. Bxg4 Bg5 40. Kf2 Kf6 41. Bd7
Ra3 42. Bf5 Be3+ 43. Ke2 Nd8 44. Bd7 Nf7 45. Bf5 Ng5 46. Bg6 Bd4 47. Rb1 Re3+
48. Kd2 Nxe4+ 49. Kc2 Re2+ 50. Kc1 Nc3 51. Rb2 Be3+ 52. Rd2 Rxd2 0-1

[Event "Online Olym Div3 A 2020"]
[Site "chess.com INT"]
[Date "2020.07.08"]
[Round "4.3"]
[Board "4"]
[White "Azhar, Puteri Rifqah Fahada"]
[Black "Hoshino, Karen"]
[Result "0-1"]
[WhiteTitle "WFM"]
[BlackTitle "WFM"]
[WhiteElo "1939"]
[BlackElo "1836"]
[WhiteTeam "Malaysia"]
[BlackTeam "Japan"]
[WhiteFideId "5702879"]
[BlackFideId "2137984"]
[EventDate "2020.07.07"]
[EventType "team"]

1. e4 c5 2. Nc3 d6 3. g3 Nf6 4. Bg2 g6 5. Nge2 Bg7 6. O-O O-O 7. d3 Nc6 8. h3 e5
9. f4 Nd4 10. Be3 a6 11. Qd2 b5 12. a3 Rb8 13. g4 a5 14. f5 b4 15. axb4 axb4 16.
Nd1 gxf5 17. gxf5 Kh8 18. Bg5 Qc7 19. Ne3 Rg8 20. Kh2 Bb7 21. Ng3 Qd7 22. Nc4
Bc6 23. Kh1 Ba4 24. b3 Bb5 25. Nb2 Bc6 26. h4 d5 27. h5 Ng4 28. Bh3 Bf6 29.
Bxf6+ Nxf6 30. Kh2 Qe7 31. Rae1 Ng4+ 32. Kh1 Qh4 33. Qg2 Nxc2 34. Re2 Nce3 35.
Rxe3 Nxe3 0-1